[Event "FRA-ch Blitz Online Qual"]
[Site "Europe Echecs INT"]
[Date "2020.05.16"]
[Round "6"]
[White "Pottier, Simeon"]
[Black "Degraeve, Remy"]
[Result "0-1"]
[WhiteElo "2186"]
[BlackElo "2328"]
[PlyCount "76"]
[EventDate "2020.05.16"]
[EventType "swiss (blitz)"]
[EventRounds "15"]
[EventCountry "FRA"]
[SourceTitle "CBM 196 Extra"]
[Source "ChessBase"]
[SourceDate "2020.07.31"]
[SourceVersion "1"]
[SourceVersionDate "2020.07.31"]
[SourceQuality "1"]

1. d4 d5 2. c4 c6 3. Nc3 Nf6 4. Nf3 e6 5. Bg5 Nbd7 6. e3 Qa5 7. Bd3 dxc4 8. Bxc4 Ne4 9. Bf4 Nxc3 10. bxc3 e5 11. Bg3 Qxc3+ 12. Nd2 Bb4 13. Rc1 Qxd2+ 14. Qxd2 Bxd2+ 15. Kxd2 exd4 16. e4 0-0 17. a4 b6 18. f4 Bb7 19. e5 Nc5 20. a5 Ne4+ 21. Kd3 Nxg3 22. hxg3 c5 23. Rh2 Bc8 24. Ke4 g6 25. Kf3 h5 26. Bd5 Bg4+ 27. Kf2 Rad8 28. Bf3 Bxf3 29. gxf3 d3 30. g4 d2 31. Rd1 c4 32. gxh5 c3 33. hxg6 c2 34. Rdh1 fxg6 35. Rh8+ Kf7 36. f5 gxf5 37. R8h7+ Ke6 38. R1h6+ Kd5 0-1

[Event "FRA-ch Blitz Online Qual"]
[Site "Europe Echecs INT"]
[Date "2020.05.16"]
[Round "13"]
[White "Vine, Thibault"]
[Black "Pottier, Simeon"]
[Result "0-1"]
[WhiteElo "1837"]
[BlackElo "2186"]
[PlyCount "36"]
[EventDate "2020.05.16"]
[EventType "swiss (blitz)"]
[EventRounds "15"]
[EventCountry "FRA"]
[SourceTitle "CBM 196 Extra"]
[Source "ChessBase"]
[SourceDate "2020.07.31"]
[SourceVersion "1"]
[SourceVersionDate "2020.07.31"]
[SourceQuality "1"]

1. e4 c5 2. Nc3 Nc6 3. f4 g6 4. Nf3 Bg7 5. d3 e6 6. g3 Nge7 7. Bg2 0-0 8. 0-0 d6 9. Ne2 b5 10. c3 b4 11. Kh1 a5 12. d4 cxd4 13. cxd4 d5 14. e5 h5 15. h3 Ba6 16. Be3 Nf5 17. Qd2 Bxe2 18. Qxe2 Nxg3+ 0-1

[Event "Sautron op 18th"]
[Site "Sautron "]
[Date "2018.10.20"]
[Round "3.6"]
[White "Mirzoev, Emil"]
[Black "Pottier, Simeon"]
[Result "1-0"]
[WhiteElo "2439"]
[BlackElo "2136"]
[PlyCount "47"]
[EventDate "2018.10.20"]
[EventType "swiss"]
[EventRounds "9"]
[EventCountry "FRA"]
[SourceTitle "CBM 187 Extra"]
[Source "ChessBase"]
[SourceDate "2018.11.04"]
[SourceVersion "1"]
[SourceVersionDate "2018.11.04"]
[SourceQuality "1"]

1. e4 e5 2. Bc4 Nf6 3. d3 c6 4. Bb3 d5 5. Nf3 Bd6 6. Nc3 dxe4 7. Nxe4 Be7 8. Ng3 0-0 9. 0-0 Qc7 10. Re1 Nbd7 11. d4 Bd6 12. Bg5 exd4 13. Qxd4 h6 14. Nf5 Bc5 15. Qh4 Qb6 16. Bxf6 Nxf6 17. Nxh6+ gxh6 18. Qxf6 Bxf2+ 19. Kh1 Bxe1 20. Qg6+ Kh8 21. Qxh6+ Kg8 22. Qg6+ Kh8 23. Qf6+ Kg8 24. Rxe1 1-0

[Event "Rochefort op 17th"]
[Site "Rochefort"]
[Date "2018.02.17"]
[Round "8"]
[White "Galunova, Tsveta"]
[Black "Pottier, Simeon"]
[Result "1-0"]
[WhiteElo "2177"]
[BlackElo "2056"]
[PlyCount "71"]
[EventDate "2018.02.17"]
[EventType "swiss"]
[EventRounds "9"]
[EventCountry "FRA"]
[SourceTitle "EXT 2020"]
[Source "ChessBase"]
[SourceDate "2019.10.17"]
[SourceVersion "1"]
[SourceVersionDate "2019.10.17"]
[SourceQuality "1"]

1. d4 Nf6 2. c4 c5 3. d5 b5 4. cxb5 a6 5. bxa6 g6 6. Nc3 Bg7 7. Nf3 0-0 8. e4 Qa5 9. Nd2 Bxa6 10. Bxa6 Qxa6 11. a4 e6 12. Nb5 Qb7 13. dxe6 fxe6 14. Qe2 Nc6 15. 0-0 Nb4 16. e5 Nfd5 17. Nc4 Nf4 18. Bxf4 Rxf4 19. b3 Raf8 20. f3 Nd5 21. g3 R4f5 22. Ncd6 Qb6 23. Nxf5 Rxf5 24. f4 c4+ 25. Qf2 Qxf2+ 26. Rxf2 cxb3 27. a5 Rf8 28. a6 Ra8 29. Nd4 g5 30. Nxb3 gxf4 31. gxf4 Bh6 32. Ra4 Bxf4 33. Rfxf4 Nxf4 34. Rxf4 Rxa6 35. Nc5 Ra7 36. Rd4 1-0

[Event "Sautron op 17th"]
[Site "Sautron"]
[Date "2017.10.21"]
[Round "1.4"]
[White "Sergeev, Vladimir"]
[Black "Pottier, Simeon"]
[Result "1/2-1/2"]
[WhiteElo "2417"]
[BlackElo "2028"]
[PlyCount "86"]
[EventDate "2017.10.22"]
[EventType "swiss"]
[EventRounds "9"]
[EventCountry "FRA"]
[SourceTitle "CBM 181 Extra"]
[Source "ChessBase"]
[SourceDate "2017.12.12"]
[SourceVersion "1"]
[SourceVersionDate "2017.12.12"]
[SourceQuality "1"]

1. c4 c5 2. Nf3 Nf6 3. Nc3 Nc6 4. g3 g6 5. Bg2 Bg7 6. 0-0 0-0 7. d4 cxd4 8. Nxd4 d6 9. Nxc6 bxc6 10. Bxc6 Rb8 11. Qa4 Bh3 12. Rd1 Qb6 13. Nd5 Nxd5 14. Bxd5 Qb4 15. Qxb4 Rxb4 16. a3 Rb6 17. Ra2 a5 18. Bd2 Rxb2 19. Rxb2 Bxb2 20. a4 Bd7 21. Bg5 e6 22. Be4 Ba3 23. Bd2 Rb8 24. Bxa5 Rc8 25. Bd3 Ra8 26. Bc3 Bxa4 27. Rb1 Bc6 28. Bf6 Bc5 29. Kf1 Kf8 30. g4 Ke8 31. f3 Kd7 32. Kg2 e5 33. Bh4 Kc7 34. Be1 e4 35. Bxe4 Bxe4 36. fxe4 Ra2 37. Bg3 f6 38. Rb5 Kd7 39. Rb7+ Ke6 40. Kf1 Ra1+ 41. Kg2 Ra2 42. Kf1 Ra1+ 43. Kg2 Ra2 1/2-1/2

[Event "FRA-ch Accession"]
[Site "Agen"]
[Date "2017.08.26"]
[Round "8"]
[White "Fantinel, Thibault"]
[Black "Pottier, Simeon"]
[Result "1-0"]
[WhiteElo "2413"]
[BlackElo "2006"]
[PlyCount "51"]
[EventDate "2017.08.19"]
[EventType "swiss"]
[EventRounds "9"]
[EventCountry "FRA"]
[SourceTitle "EXT 2019"]
[Source "ChessBase"]
[SourceDate "2018.10.10"]
[SourceVersion "1"]
[SourceVersionDate "2018.10.10"]
[SourceQuality "1"]

1. e4 e5 2. Nf3 Nc6 3. Bb5 a6 4. Ba4 Nf6 5. 0-0 Be7 6. Re1 b5 7. Bb3 d6 8. c3 0-0 9. d4 Bg4 10. d5 Na5 11. Bc2 Qc8 12. h3 Bd7 13. Nbd2 c6 14. dxc6 Bxc6 15. Nf1 Qc7 16. Ng3 g6 17. a4 Rfe8 18. Bg5 Nd7 19. Bxe7 Rxe7 20. Qc1 d5 21. Qh6 f6 22. Red1 Qb7 23. axb5 axb5 24. exd5 Bxd5 25. Rxd5 Qxd5 26. Be4 1-0

[Event "FRA-ch Accession"]
[Site "Agen"]
[Date "2017.08.24"]
[Round "6"]
[White "Gatineau, Yovann"]
[Black "Pottier, Simeon"]
[Result "1-0"]
[WhiteElo "2281"]
[BlackElo "2006"]
[PlyCount "89"]
[EventDate "2017.08.19"]
[EventType "swiss"]
[EventRounds "9"]
[EventCountry "FRA"]
[SourceTitle "EXT 2019"]
[Source "ChessBase"]
[SourceDate "2018.10.10"]
[SourceVersion "1"]
[SourceVersionDate "2018.10.10"]
[SourceQuality "1"]

1. d4 Nf6 2. Nf3 c5 3. d5 b5 4. c4 g6 5. Qc2 bxc4 6. e4 d6 7. Bxc4 Bg7 8. 0-0 0-0 9. h3 Ba6 10. Na3 Bxc4 11. Nxc4 Nbd7 12. Bf4 Nb6 13. Nfd2 Nxc4 14. Nxc4 Nd7 15. Rfe1 Nb6 16. Na3 Qd7 17. Rad1 Qa4 18. Qc1 Nd7 19. b3 Qb4 20. Bd2 Qb7 21. Nc4 Ne5 22. Na5 Qb5 23. Re3 Bh6 24. Rg3 Bg7 25. Bc3 Nd7 26. f4 Bxc3 27. Qxc3 f5 28. Nc6 Rae8 29. e5 a6 30. a4 Qb6 31. Kh1 Nb8 32. Na5 Nd7 33. Re1 Qc7 34. Rge3 dxe5 35. fxe5 f4 36. d6 exd6 37. exd6 Rxe3 38. Qc4+ Kh8 39. dxc7 Rxe1+ 40. Kh2 Ree8 41. Qd5 f3 42. gxf3 Nf6 43. Qxc5 Nh5 44. Nc6 Rxf3 45. Ne7 1-0

[Event "FRA-ch Accession"]
[Site "Agen"]
[Date "2017.08.19"]
[Round "5"]
[White "Le Goff, Ronan"]
[Black "Pottier, Simeon"]
[Result "1/2-1/2"]
[WhiteElo "2280"]
[BlackElo "2006"]
[PlyCount "68"]
[EventDate "2017.08.19"]
[EventType "swiss"]
[EventRounds "9"]
[EventCountry "FRA"]
[SourceTitle "EXT 2019"]
[Source "ChessBase"]
[SourceDate "2018.10.10"]
[SourceVersion "1"]
[SourceVersionDate "2018.10.10"]
[SourceQuality "1"]

1. d4 Nf6 2. Nf3 c5 3. e3 g6 4. Be2 Bg7 5. 0-0 d5 6. dxc5 Qc7 7. a3 Qxc5 8. b4 Qc7 9. Bb2 Bd7 10. Nc3 0-0 11. Ra2 e6 12. Qa1 Ne8 13. Rc1 Na6 14. Nd1 Bxb2 15. Nxb2 b5 16. Nd3 f6 17. c3 e5 18. Nb2 Rc8 19. Nd1 Qb6 20. Rd2 Bc6 21. a4 bxa4 22. c4 dxc4 23. Bxc4+ Kg7 24. Be6 Rc7 25. Bd5 Nd6 26. Bxc6 Rxc6 27. Rxc6 Qxc6 28. b5 Nxb5 29. Qxa4 Nac7 30. h4 Rf7 31. Qg4 Qe6 32. Qa4 Rd7 33. h5 Rxd2 34. Nxd2 Qd5 1/2-1/2

[Event "Sautron op 16th"]
[Site "Sautron"]
[Date "2016.10.28"]
[Round "8.15"]
[White "Shirazi, Kamran"]
[Black "Pottier, Simeon"]
[Result "1/2-1/2"]
[WhiteElo "2336"]
[BlackElo "1945"]
[PlyCount "34"]
[EventDate "2016.10.22"]
[EventType "swiss"]
[EventRounds "9"]
[EventCountry "FRA"]
[SourceTitle "EXT 2019"]
[Source "ChessBase"]
[SourceDate "2018.10.10"]
[SourceVersion "1"]
[SourceVersionDate "2018.10.10"]
[SourceQuality "1"]

1. e4 e5 2. Nc3 Nf6 3. Nf3 Nc6 4. a3 d5 5. exd5 Nxd5 6. Bb5 Nxc3 7. bxc3 Bd6 8. d4 exd4 9. cxd4 0-0 10. 0-0 h6 11. h3 Qf6 12. Rb1 Ne7 13. Bd3 b6 14. Re1 Bf5 15. Rb3 Rfe8 16. Bb2 c6 17. Bf1 Ng6 1/2-1/2